zpět

Detail výsledku týmu

Suzie's, Brno

Datum a čas kvízu

34 Celkem bodů Celkový počet nahraných bodů na tomto kvízu bez doplňovacích otázek.
1. Pořadí na kvízu Konečné umístění týmu na tomto kvízu.

Zaznamenané odpovědi

# Otázka Odpověď Body Výsledky
1. Celkem 66 firem minulý týden v... manželství pro všechny 1
2. Papež František přijal v pátek... Sylvester Stallone 0
3. 23 dní před letošním vyhlášení... Daniela Kolářová 1
4. Česká národní banka minulý týd... posílat peníze na telefonní číslo 0
5. Česká fotbalová reprezentace v... Albánie, 1:1 0.5
6. Podle některých statistik obýv... zmije 1
7. Mezi člověku velmi nebezpečná... A 1
8. Sloni afričtí každoročně zabij... Zoo Dvůr Králové a Zoo Zlín (Lešná) 0.5
9. Nebezpečným zvířetem, s nímž s... medvěd brtník 1
10. Desítky tisíc lidských životů... C 1